000 00273nam a2200097Ia 4500
082 _aJ R 333.952203 ENDA
245 0 _aBeginning reflective practice
100 _a JASPER, Melanie Cheltenham, 2003
_980153
942 _cBK
008 210817s9999 xx 000 0 und d
999 _c280879
_d280878